Responses for show #3061 - Monday, December 15, 1997

First show that the Final Jeopardy! category is displayed superimposed at the upper-left side of the screen during the round.

Contestants

Holly Highsmith Abrams, a project marketing manager from Arlington, Virginia

Dan Brodeur, an eighth grade teacher from Brooklyn, Connecticut

Jennifer Hopens, a college student from Temple, Texas (whose 2-day cash winnings total $12,200)

Jeopardy! Round responses

COLLEGES & UNIVERSITIES
FORMULAS
TELEVISION
THE WILD WEST
HUMOR
GETTING POSSESSIVE
(Alex: We'll give you a clue & the correct response will be a possessive)
    $100 8
South Korea

Jennifer
    $100 26
Coca-Cola

Holly
    $100 1
Cosmo Kramer

Jennifer
    $100 13
Claim jumper

Holly
    $100 6
Pun

Dan
    $100 21
Murphy's Law

Holly
    $200 9
Kentucky

Jennifer
    $200 27
Perspiration

Holly
    $200 2
Drew Carey

Dan
    $200 16
Samuel Colt

Dan
    $200 7
Burlesque

Jennifer
    $200 22
Montezuma's Revenge

Holly
    $300 10
Georgetown

Holly
    $300 28
Bloody Mary

Jennifer
    $300 3
ER (they did it live)

Jennifer
    $300 18
Pony Express

Holly
    $300 14
Pratfall

Holly
    $1,300 23
John Brown's Body

Holly
    $400 11
Columbia

Jennifer
    $400 29
Newt

Dan
    $400 4
Diagnosis Murder

Jennifer
    $400 19
Comstock Lode

Jennifer
    $400 15
Sir John Falstaff

Jennifer
    $400 24
"Christina's World"

Dan
    $500 12
Brandeis

Jennifer
    $500 30
(D: What is dynamite?)

Gunpowder

JenniferDan
    $500 5
Charles Kuralt

Holly
    $500 20
Hole In The Wall

Dan
    $500 17
"Shaggy Dog" story

Holly
    $500 25
(D: What is Tourette's Syndrome?)

St. Vitus' Dance

DanHolly

Scores at the first commercial break (after clue 15):

Jennifer Dan Holly
$2,600 $300 $1,200

Scores at the end of the Jeopardy! Round:

Jennifer Dan Holly
$3,800 $800 $4,400

Double Jeopardy! Round responses

WORLD GEOGRAPHY
SCRIBES
THE BRITISH INVASION
WHERE "BABY"s COME FROM
LITERARY TEARJERKERS
SALT
    $200 7
Danube

Dan
    $200 21
Slaves

Jennifer
    $200 11
Herman's Hermits

Jennifer
    $200 1
Baby boom

Dan
    $200 4
Matches

Dan
    $200 25
Umbrella

Jennifer
    $400 8
Lake Louise

Dan
    $400 22
Silk

Jennifer
    $400 12
"Love Potion No. 9"

Jennifer
    $400 2
"Baby needs a new pair of shoes"

Holly
    $400 17
Greeting cards

Jennifer
    $400 27
Brine

Dan
    $600 9
(J: What is South America?)

Africa

Jennifer
Triple Stumper
    $600 23
Court reporter

Holly
    $600 13
The Rolling Stones

Holly
    $600 3
Baby grand piano

Holly
    $1,000 18
The Bridges of Madison County

Jennifer
    $600 28
Currency

Holly
    $800 10
Crimean Peninsula

Jennifer
    $800 24
Cuneiform

Dan
    $800 14
Gerry & the Pacemakers

Holly
    $800 5
Baby Face Nelson

Dan
    $800 19
Fannie Flagg

Dan
    $800 29
Coolant

Dan
    $1000 16
Mozambique

Jennifer
    $1000 26
Notaries

Dan
    $1000 15
Eric Burdon

Dan
    $1,000 6
The Baby Elephant Walk

Dan
    $1000 20
Death Be Not Proud

Holly
    $1000 30
Hyperthyroidism or goiter

Triple Stumper

Scores at the end of the Double Jeopardy! Round:

Jennifer Dan Holly
$7,800 $8,400 $9,000

[wagering suggestions for these scores]

Final Jeopardy! Round responses

SPORTS
(Alex: He lost to Australia & New Zealand)
JenniferWhat is the America's Cup?
$2,200
DanWhat is The America's Cup?
$8,399
HollyWhat is the America's Cup?
$7,800
The America's Cup

Final scores:

Jennifer Dan Holly
$10,000 $16,799 $16,800
3rd place: a pair of Daniel Mink "Bolero" watches 2nd place: a trip to Mexico City & Ixtapa New champion: $16,800

Game dynamics:

Coryat scores:

Jennifer Dan Holly
$7,400 $8,400 $8,000
21 R
(including 1 DD),
1 W
18 R
(including 1 DD),
2 W
19 R
(including 1 DD),
0 W

Combined Coryat: $23,800

The J! Archive is created by fans, for fans. The Jeopardy! game show and all elements thereof, including but not limited to copyright and trademark thereto, are the property of Jeopardy Productions, Inc. and are protected under law. This website is not affiliated with, sponsored by, or operated by Jeopardy Productions, Inc. Join the discussion at JBoard.tv.